[Event "Bogota Navidad op"]
[Site "Bogota"]
[Date "2016.12.07"]
[Round "1"]
[White "Rodriguez, Hector Manuel"]
[Black "Segura, Gabriela"]
[Result "1-0"]
[WhiteElo "1927"]
[BlackElo "1656"]
[PlyCount "41"]
[EventDate "2016.12.07"]
[EventType "swiss"]
[EventRounds "9"]
[EventCountry "COL"]
[SourceTitle "CBM 176 Extra"]
[Source "ChessBase"]
[SourceDate "2017.03.02"]
[SourceVersion "1"]
[SourceVersionDate "2017.03.02"]
[SourceQuality "1"]

1. e4 e5 2. Nf3 Nf6 3. Bc4 Nc6 4. 0-0 Bc5 5. c3 0-0 6. d4 exd4 7. cxd4 Bb6 8. e5 Ne4 9. Bd5 Nxf2 10. Rxf2 h6 11. Bf4 Kh8 12. Qd2 f6 13. Kh1 fxe5 14. Nxe5 Nxe5 15. Bxe5 Kh7 16. Nc3 d6 17. Bg3 c6 18. Bf7 d5 19. Raf1 Kh8 20. Be5 Qh4 21. Rf6 1-0